00350 a2200121 450000100060000010000150000624500500002126000160007109000150008794200230010299900190012595200840014411304 aChawla, S. aSoutheast Asia Under the New balance of power abPreagerc c8855d8855 aNUST-CAEcMc35661 c246377d246377 001040708NFICaCAEbCAEd2017-04-03l0pCAE49702r2017-04-05w2017-04-05yBK